La curación infinita: historia clínica de Aby Warburg

Wedi'i Gadw mewn:
Manylion Llyfryddiaeth
Prif Awduron: Binswanger, Ludwig (Awdur), Warburg, Aby Moritz 1866-1929 (Awdur)
Fformat: Llyfr
Iaith:Sbaeneg
Cyhoeddwyd: Buenos Aires, Argentina Adriana Hidalgo 2007
Cyfres:Filosofía e Historia, 16
Pynciau:
Tagiau: Ychwanegu Tag
Dim Tagiau, Byddwch y cyntaf i dagio'r cofnod hwn!

MARC

LEADER 00000cam a2200000 a 4500
001 UCF9987
003 CL-VaPUC
005 20221107131734.0
008 131227e20070000ag |||||||||||||||||spa|d
999 |c 354310  |d 354308 
020 |a 9789871156757 
040 |c Pontificia Universidad Católica de Valparaíso 
082 0 4 |a 190 BIN 2007  |2 21 
100 0 |a Binswanger, Ludwig  |e author  |9 572387 
245 1 3 |a La curación infinita:  |b  historia clínica de Aby Warburg 
260 |a Buenos Aires, Argentina  |b Adriana Hidalgo  |c 2007 
300 |a 344 páginas 
490 0 |a Filosofía e Historia,  |v  16 
583 |a last modification  |c 20131227 10:32:00  |k Rodrigo Vera 
650 0 |a Filosofía europea  |9 347047 
650 0 |a Filosofía contemporánea  |9 265372 
650 0 |a Existencialismo  |9 265698 
650 0 |a Biografías  |9 255210 
700 |a Warburg, Aby Moritz  |d 1866-1929  |e author  |9 401 
942 |c BK  |2 ddc 
945 |d 20131227 10:32:00  |a dcastane 
952 |0 0  |1 0  |2 ddc  |3 erb  |4 0  |6 190_000000000000000_BIN_2007  |7 0  |8 A  |9 460090  |a BIBART  |b BIBART  |i 5037301  |l 2  |o 190 BIN 2007  |p 5037301  |r 2025-03-13  |s 2021-08-31  |t 1  |w 2019-11-23  |y BK  |z Catalogado en:20131227  |k ART